| 000 | 01405nam a2200349 c 4500 | ||
|---|---|---|---|
| 003 | BLK | ||
| 005 | 20240319114334.0 | ||
| 008 | 180412b bul|||||r ||||||| ||bul|| | ||
| 010 | _aKNG00001585000 | ||
| 020 |
_a954-420-149-1 _bиздат.: Медицина и физкултура |
||
| 040 | _aBLK | ||
| 041 |
_aBUL _cBUL |
||
| 080 |
_aПатология. Клинична медицина _b616 _x-001.5 _z616-001.5 |
||
| 100 |
_aКожухаров, Кольо Василев _gЛекар ортопед, травматолог. Професор в Русенския университет. _9243252 |
||
| 139 |
_aКожухаров, Кольо Василев _bК 74 |
||
| 245 | 1 | 0 |
_aНеоперативна травматология _bМоногр. _cКольо Василев Кожухаров. |
| 257 | _aBGR | ||
| 260 |
_аСофия _bМедицина и физкултура _c1994 |
||
| 300 |
_a335 с. _bс ил., 12 л. ил. _c24 см |
||
| 380 | _a61 | ||
| 500 | _a1 240 тир. | ||
| 650 | 4 |
_aТравматология, неоперативна _9243253 |
|
| 650 | 4 |
_aФрактури - лечение _9243254 |
|
| 653 | _aтравматизъм | ||
| 653 | _aлечение | ||
| 852 | _aЦб 177927 | ||
| 856 | 4 |
_qpdf _u |
|
| 856 | 4 |
_qpdf _u |
|
| 942 |
_cKNG _n0 |
||
| 944 |
_aCR _c15.01.2003 _k30560 _lГеновева Генчева |
||
| 944 |
_aED _c25.01.2013 _k |
||
| 999 |
_c899 _d899 |
||